000 00507nam a22001337a 4500
082 _a624.18210212
_bAME
_cL-39, P-171
110 _aAmerican institute of steel construction, Inc.
_943132
245 _aSpecifications for structural joints using ASTM A325 or A 490 Bolts /
_cAmerican Institute of Steel Construction, Inc.
260 _aUSA :
_bAmerican Institute of Steel Construction, Inc.
_c1985.
300 _a45 p. :
526 _a0
_b0
_c0
_d624_182102120000000_AME
650 _aMCE
_9379
942 _2ddc
_cBK
999 _c546933
_d546933